00743nam a22001817a 450000500170000000800410001702000170005808200170007510000210009224500170011326000800013030000110021065000300022194200070025199900170025895201430027595201430041820260414101932.0260414b |||||||| |||| 00| 0 eng d a979965871058 a155.2bJAM-K aJameel Muhammad  aKidaar Sazi  aPakistan bChaudhary Publichers, Fazal Abad Sharif, Darya Gali Murreec2003 a127 p, aEducation and Humanities  cBK c47301d47301 00w2026-04-141040708EducationaAUSCbAUSCcEducationd2026-04-14eDr. Sadaf Zamir l0o155.2 JAM-KpAUHEG0036r2026-04-14 10:21:26yBK 00w2026-04-141040708EducationaAUSCbAUSCcEducationd2026-04-14eDr. Sadaf Zamir l0o155.2 JAM-KpAUHEG0037r2026-04-14 10:22:01yBK